[Event "GER-ch Net blitz qual2"]
[Site "Playchess.com INT"]
[Date "2021.05.04"]
[Round "11"]
[White "Foerster, Erik"]
[Black "Loew, Gerald"]
[Result "0-1"]
[WhiteElo "2316"]
[BlackElo "2037"]
[PlyCount "116"]
[EventDate "2021.05.04"]
[EventType "swiss (blitz)"]
[EventRounds "11"]
[EventCountry "GER"]
[SourceTitle "CBM 202 Extra"]
[Source "ChessBase"]
[SourceDate "2021.07.31"]
[SourceVersion "1"]
[SourceVersionDate "2021.07.31"]
[SourceQuality "1"]

1. d4 d6 2. g3 Nf6 3. Bg2 Nbd7 4. e4 e5 5. Ne2 Be7 6. Nbc3 0-0 7. h3 c6 8. a4 Re8 9. 0-0 Bf8 10. g4 exd4 11. Nxd4 Nc5 12. Re1 d5 13. exd5 Rxe1+ 14. Qxe1 Nxd5 15. Nxd5 cxd5 16. Bf4 Ne6 17. Be3 Qh4 18. Nf5 Qd8 19. Qd2 Nc7 20. Nd4 Be7 21. Nb5 Nxb5 22. axb5 Bf6 23. c3 Be6 24. Rd1 Qa5 25. Bxd5 Qxb5 26. Bxe6 fxe6 27. Qd7 Qxb2 28. Qxe6+ Kh8 29. Bd4 Bxd4 30. cxd4 Rf8 31. Qe3 Qc2 32. Rd2 Qc1+ 33. Kg2 h6 34. d5 Rd8 35. Rd3 Qc7 36. Qxa7 Qf4 37. Qe3 Qf6 38. Qf3 Qe5 39. d6 Kh7 40. d7 Qe7 41. Qf5+ Kg8 42. Qd5+ Kh8 43. Qxb7 Qf6 44. Qf3 Qe7 45. Qd5 Qf6 46. f3 Qe7 47. Kg3 Qe1+ 48. Kg2 Qe2+ 49. Kg3 Qe1+ 50. Kf4 Qc1+ 51. Rd2 Qa3 52. Kg3 Qe7 53. Qf5 Qe1+ 54. Kf4 Qxd2+ 55. Kg3 Qxd7 56. Qxd7 Rxd7 57. h4 Kg8 58. h5 Kf7 0-1